[Event "12th Karpov Int"]
[Site "Poikovsky RUS"]
[Date "2011.10.04"]
[Round "1"]
[White "Bacrot,E"]
[Black "Motylev,A"]
[Result "1/2-1/2"]
[WhiteElo "2705"]
[BlackElo "2690"]

1.d4 d5 2.c4 c6 3.Nc3 Nf6 4.Nf3 dxc4 5.a4 e6 6.e3 c5 7.Bxc4 Nc6 8.O-O Be7
9.Qe2 cxd4 10.Nxd4 Nxd4 11.exd4 O-O 12.Rd1 Nd5 13.Qe4 Nxc3 14.bxc3 Qc7 15.Bd3 f5
16.Qe1 Bd7 17.c4 Bf6 18.Bf1 Rfe8 19.Bb2 Bc6 20.a5 Rad8 21.Qb4 Qf4 22.Qc3 Re7
23.Qe3 Qxe3 24.fxe3 f4 25.exf4 Red7 26.c5 a6 27.Bc4 Bxd4+ 28.Bxd4  1/2-1/2

[Event "12th Karpov Int"]
[Site "Poikovsky RUS"]
[Date "2011.10.05"]
[Round "2"]
[White "Motylev,A"]
[Black "Rublevsky,S"]
[Result "1/2-1/2"]
[WhiteElo "2690"]
[BlackElo "2681"]

1.e4 c5 2.Nf3 e6 3.d4 cxd4 4.Nxd4 Nc6 5.Nc3 Qc7 6.Be3 Nf6 7.f4 Bb4 8.Nb5 Qa5
9.e5 Ne4 10.Qd3 Nxc3 11.bxc3 Be7 12.Be2 O-O 13.O-O f6 14.exf6 Bxf6 15.Rab1 d5
16.c4 Rd8 17.c5 b6 18.cxb6  1/2-1/2

[Event "12th Karpov Int"]
[Site "Poikovsky RUS"]
[Date "2011.10.06"]
[Round "3"]
[White "Efimenko,Z"]
[Black "Motylev,A"]
[Result "1-0"]
[WhiteElo "2703"]
[BlackElo "2690"]

1.e4 c5 2.Nf3 d6 3.d4 cxd4 4.Nxd4 Nf6 5.Nc3 g6 6.g3 Nc6 7.Nde2 Bg7 8.Bg2 Bd7
9.O-O Qc8 10.Nf4 O-O 11.Be3 Ng4 12.Bd2 Nge5 13.b3 f5 14.Rc1 Kh8 15.exf5 Bxf5
16.Ncd5 g5 17.Nd3 g4 18.Nxe5 dxe5 19.Bg5 Qe8 20.Qd2 Rd8 21.Bh6 Qg6 22.Bxg7+ Qxg7
23.Qe3 Nd4 24.c4 e6 25.Nc3 Nf3+ 26.Bxf3 Rd3 27.Qxa7 gxf3 28.Rfe1 Qg4 29.Qc5 Rf6
30.Re3 Rxe3 31.Qxe3 Be4 32.Kf1 Bc6 33.Qxe5 Kg7 34.h4 Kf7 35.Nd1 Qh3+ 36.Ke1 Qh1+
37.Kd2 Qf1 38.Rc3 Rf5 39.Qc7+ Kg8 40.Qc8+ Rf8 41.Qxe6+ Kh8 42.Qe5+ Kg8 43.Qg5+ Kh8  1-0

[Event "12th Karpov Int"]
[Site "Poikovsky RUS"]
[Date "2011.10.07"]
[Round "4"]
[White "Bruzon Batista,L"]
[Black "Motylev,A"]
[Result "1/2-1/2"]
[WhiteElo "2682"]
[BlackElo "2690"]

1.d4 d5 2.c4 c6 3.Nf3 Nf6 4.e3 Bf5 5.Nc3 e6 6.Nh4 Bg6 7.Nxg6 hxg6 8.Qb3 Qc7
9.g3 Nbd7 10.Bg2 Be7 11.O-O Nb6 12.cxd5 cxd5 13.Qb5+ Qd7 14.Qd3 O-O 15.b3 Rfc8
16.Bb2 Qd8 17.Rfc1 a6 18.Bf3 Rc7 19.Kg2 g5 20.h3 Rac8 21.a3 Nfd7 22.Ne2 f5
23.Rxc7 Rxc7 24.Rc1 Nf6 25.Rxc7 Qxc7 26.Qc3 Qxc3 27.Nxc3 Ne4 28.Nxe4 dxe4
29.Bh5 Nd5 30.g4 f4 31.Bc1 fxe3 32.fxe3 g6 33.Bxg6 Nf6 34.d5 Kg7 35.Bh5 Nxd5
36.b4 Nc7 37.Kf1 Bf6 38.Ke2 Be5 39.Kd1 Kf6 40.Kc2 b5 41.Bd2 Kg7 42.Kc1 Ba1
43.Kd1 Bb2 44.Kc2 Be5 45.Kb3 Bg3 46.Kc2  1/2-1/2

[Event "12th Karpov Int"]
[Site "Poikovsky RUS"]
[Date "2011.10.08"]
[Round "5"]
[White "Motylev,A"]
[Black "Onischuk,Al"]
[Result "1/2-1/2"]
[WhiteElo "2690"]
[BlackElo "2669"]

1.e4 e5 2.Nf3 Nc6 3.Bb5 a6 4.Ba4 Nf6 5.O-O Be7 6.Re1 b5 7.Bb3 O-O 8.h3 Bb7
9.d3 d5 10.exd5 Nxd5 11.Nxe5 Nd4 12.Bd2 Re8 13.Nc3 Nxb3 14.axb3 Bd6 15.Nf3 Rxe1+
16.Nxe1 Nxc3 17.bxc3 a5 18.d4 a4 19.Be3 axb3 20.cxb3 Bd5 21.Rc1 Ba3 22.Rb1 Bd6
23.Bg5 Ba3  1/2-1/2

[Event "12th Karpov Int"]
[Site "Poikovsky RUS"]
[Date "2011.10.10"]
[Round "6"]
[White "Jakovenko,D"]
[Black "Motylev,A"]
[Result "1/2-1/2"]
[WhiteElo "2716"]
[BlackElo "2690"]

1.d4 d5 2.c4 c6 3.Nf3 Nf6 4.Nc3 e6 5.Bg5 h6 6.Bxf6 Qxf6 7.e3 g6 8.Bd3 Bg7
9.O-O O-O 10.Re1 Qd8 11.Qc2 a6 12.Rad1 b5 13.cxd5 cxd5 14.Ne5 Nd7 15.f4 Bb7
16.Qf2 Rc8 17.Bb1 b4 18.Ne2 Nf6 19.Qf3 Ne4 20.g4 Qh4 21.Ng3 Rc7 22.Rc1  1/2-1/2

[Event "12th Karpov Int"]
[Site "Poikovsky RUS"]
[Date "2011.10.11"]
[Round "7"]
[White "Motylev,A"]
[Black "Laznicka,V"]
[Result "1-0"]
[WhiteElo "2690"]
[BlackElo "2701"]

1.e4 c5 2.Nf3 e6 3.d4 cxd4 4.Nxd4 Nc6 5.Nc3 Qc7 6.Be3 a6 7.Qd2 Nf6 8.O-O-O Be7
9.f3 O-O 10.g4 b5 11.g5 Nh5 12.Kb1 Ne5 13.f4 Ng4 14.e5 Bb7 15.Rg1 Nxe3 16.Qxe3 b4
17.Ne4 Bxe4 18.Qxe4 d5 19.exd6 Bxd6 20.f5 exf5 21.Nxf5 Rfe8 22.Qf3 Bc5 23.Rg4 Rad8
24.Bd3 g6 25.Nh6+ Kf8 26.Rf1 f6 27.gxf6 Re3 28.Qh1 Bd4 29.Bxg6 hxg6 30.Rxg6 Qh7
31.Qb7 Qxg6 32.Qxb4+ Ke8 33.f7+  1-0

[Event "12th Karpov Int"]
[Site "Poikovsky RUS"]
[Date "2011.10.12"]
[Round "8"]
[White "Caruana,F"]
[Black "Motylev,A"]
[Result "1/2-1/2"]
[WhiteElo "2712"]
[BlackElo "2690"]

1.e4 c6 2.d4 d5 3.e5 Bf5 4.Nd2 e6 5.Nb3 Nd7 6.Nf3 a6 7.Be2 c5 8.dxc5 Bxc5
9.Nxc5 Nxc5 10.Nd4 Ne7 11.O-O O-O 12.Be3 Rc8 13.a4 Qc7 14.f4 Be4 15.a5 Nf5
16.Bf2 f6 17.exf6 Rxf6 18.g3 Nd7 19.Ra3 Nxd4 20.Bxd4 Rff8 21.Bd3 Bxd3 22.cxd3 Nb8
23.Qg4 Qd7 24.Re1 Nc6 25.Bc5 Rf6 26.d4 h6 27.Rae3 Kh7 28.b4 Re8 29.Qh5 Kg8
30.Qe2 Qf7 31.Qd3 Qd7 32.Qe2 Qf7 33.Qd3 Qd7 34.Qe2  1/2-1/2

[Event "12th Karpov Int"]
[Site "Poikovsky RUS"]
[Date "2011.10.13"]
[Round "9"]
[White "Motylev,A"]
[Black "Karjakin,Sergey"]
[Result "1/2-1/2"]
[WhiteElo "2690"]
[BlackElo "2772"]

1.e4 e5 2.Nf3 Nc6 3.Bb5 a6 4.Ba4 Nf6 5.O-O Be7 6.Re1 b5 7.Bb3 O-O 8.c3 d5
9.exd5 Nxd5 10.Nxe5 Nxe5 11.Rxe5 c6 12.d4 Bd6 13.Re1 Qh4 14.g3 Qh3 15.Re4 g5
16.Qe2 f5 17.Bxd5+ cxd5 18.Re6 f4 19.Rxd6 Bg4 20.Qf1 Qxf1+ 21.Kxf1 Rae8 22.Bd2 Bh3+
23.Kg1 fxg3 24.hxg3 Re2 25.Be3 Rxe3 26.fxe3 Rf1+ 27.Kh2 g4 28.a4 Rf2+ 29.Kg1 Rf1+
30.Kh2 Rf2+  1/2-1/2

[Event "Schachbundesliga 2011-12"]
[Site "Muelheim GER"]
[Date "2011.10.14"]
[Round "1"]
[White "Kryvoruchko,Y"]
[Black "Motylev,A"]
[Result "1-0"]
[WhiteElo "2666"]
[BlackElo "2690"]

1.e4 c6 2.d4 d5 3.exd5 cxd5 4.c4 Nf6 5.Nc3 e6 6.Nf3 Bb4 7.cxd5 Nxd5 8.Bd2 Nc6
9.Bd3 Nce7 10.O-O Bd6 11.Ne5 O-O 12.Re1 Bb8 13.Qh5 Nf6 14.Qh4 Nf5 15.Bxf5 exf5
16.Bg5 h6 17.Bxf6 Qxf6 18.Qxf6 gxf6 19.Nc4 Rd8 20.d5 Kf8 21.Rad1 Bd7 22.a4 Rc8
23.Rd4 Bc7 24.d6 Re8 25.Kf1 Rxe1+ 26.Kxe1 Bd8 27.Kd2 Rc8 28.Kd3 Rc5 29.b3 Rc8
30.Rh4 Kg7 31.Rf4 Be6 32.Nb5 a6 33.Nd4 Rc5 34.Ne3 Kg6 35.b4 Re5 36.Nxe6 fxe6
37.Rc4 Bb6 38.a5 Bxe3 39.fxe3 Kf7 40.Rc7+ Ke8 41.d7+ Kd8 42.Rxb7 Rd5+ 43.Kc4 Re5
44.b5 axb5+ 45.Kb4  1-0

[Event "Schachbundesliga 2011-12"]
[Site "Muelheim GER"]
[Date "2011.10.16"]
[Round "3"]
[White "Motylev,A"]
[Black "Howell,D"]
[Result "1/2-1/2"]
[WhiteElo "2690"]
[BlackElo "2633"]

1.e4 e5 2.Nf3 Nc6 3.Bb5 Nf6 4.O-O Nxe4 5.d4 Nd6 6.Bxc6 dxc6 7.dxe5 Nf5 8.Qxd8+ Kxd8
9.Nc3 Bd7 10.h3 h6 11.b3 Kc8 12.Bb2 b6 13.a4 a5 14.Rad1 Ne7 15.Ne2 c5 16.c4 Bc6
17.Ne1 Kb7 18.Nc2 Nf5 19.Ne3 Nxe3 20.fxe3 Be8 21.Nf4 Rg8 22.e4 Be7 23.e6 f6
24.e5 c6 25.exf6 gxf6 26.Ne2 Rg6 27.Rf5 Rd8 28.Rxd8 Bxd8 29.h4 Kc7 30.Kh2 Kd6
31.Nf4 Rg8 32.Bxf6 Bxf6 33.Rxf6 Ke5 34.Rf7 Ke4 35.Rf6 Ke5 36.Rf7 Ke4 37.Rf6  1/2-1/2

[Event "Chinese League"]
[Site "Qingdao CHN"]
[Date "2011.10.26"]
[Round "13"]
[White "Motylev,A"]
[Black "Li Chao2"]
[Result "1/2-1/2"]
[WhiteElo "2677"]
[BlackElo "2646"]

1.e4 e5 2.Nf3 Nf6 3.Nxe5 d6 4.Nf3 Nxe4 5.d4 d5 6.Bd3 Nc6 7.O-O Be7 8.Nc3 Nxc3
9.bxc3 Bg4 10.Rb1 Rb8 11.Re1 O-O 12.h3 Bh5 13.Bf5 Bg6 14.Qd3 a6 15.Bf4 Bf6
16.Bxg6 hxg6 17.Re2 Qd7 18.Rbe1 Na5 19.g4 Nc4 20.Kg2 Nb2 21.Qd2 Nc4 22.Qd3 Nb2
23.Qd2 Nc4 24.Qd3  1/2-1/2

[Event "Chinese League"]
[Site "Qingdao CHN"]
[Date "2011.10.27"]
[Round "14"]
[White "Wei Yi"]
[Black "Motylev,A"]
[Result "1/2-1/2"]
[WhiteElo "2270"]
[BlackElo "2677"]

1.e4 d5 2.exd5 Qxd5 3.Nc3 Qd6 4.d4 Nf6 5.Nf3 g6 6.Bc4 Bg7 7.O-O O-O 8.Ne5 Nc6
9.Nxc6 Qxc6 10.Qe2 a6 11.a4 Qd6 12.Qe5 Bf5 13.Qxd6 exd6 14.Bb3 Rfe8 15.Bf4 h6
16.Rfe1 g5 17.Bd2 c6 18.Rxe8+ Rxe8 19.Re1 Rxe1+ 20.Bxe1 Nd7 21.Ne2 b5 22.axb5 axb5
23.Ba5 c5 24.c3 Bd3 25.Nc1 Bg6 26.dxc5 dxc5 27.Bd5 Ne5 28.Bb6 Bf8 29.Bc7 Nc4
30.Bc6 b4 31.cxb4 cxb4 32.b3 Nd2 33.Bb6 f5 34.Bd5+ Bf7 35.Bxf7+ Kxf7 36.Ba5 Ke6
37.Nd3  1/2-1/2

[Event "Chinese League"]
[Site "Qingdao CHN"]
[Date "2011.10.28"]
[Round "15"]
[White "Motylev,A"]
[Black "Ma,Zhonghan"]
[Result "1-0"]
[WhiteElo "2677"]
[BlackElo "2262"]

1.e4 c5 2.Nf3 d6 3.d4 cxd4 4.Nxd4 Nf6 5.Nc3 a6 6.Bg5 e6 7.f4 Be7 8.Qf3 h6
9.Bh4 Qc7 10.O-O-O Nbd7 11.Qg3 Rg8 12.Qe1 g5 13.fxg5 hxg5 14.Bg3 Ne5 15.Be2 Bd7
16.Rf1 O-O-O 17.Qd2 Kb8 18.Kb1 Rc8 19.Nf3 Bc6 20.Qe3 Nfg4 21.Qd2 Nxf3 22.Rxf3 Rgf8
23.Rxf7 Rxf7 24.Bxg4 Rf6 25.Qxg5 Rcf8 26.Qd2 Rg6 27.h3 e5 28.Nd5 Bxd5 29.Qxd5 Qc6
30.Qd3 Rgf6 31.a3 Rg6 32.Qe2 Qb5 33.Rd3 Bd8 34.Qd1 Bb6 35.Bf5 Rgf6 36.Rxd6 Rxd6
37.Qxd6+ Ka7 38.Qd3 Qxd3 39.cxd3 Bd4 40.Be1 Kb6 41.h4 Kc7 42.g4 Rf6 43.Bd2 Rf8  1-0

[Event "74th Tata Steel GMB"]
[Site "Wijk aan Zee NED"]
[Date "2012.01.14"]
[Round "1"]
[White "Reinderman,D"]
[Black "Motylev,A"]
[Result "1/2-1/2"]
[WhiteElo "2581"]
[BlackElo "2677"]

1.c4 c6 2.e4 d5 3.exd5 cxd5 4.d4 Nf6 5.Nc3 e6 6.Nf3 Bb4 7.Bd3 dxc4 8.Bxc4 O-O
9.O-O a6 10.Bg5 h6 11.Bh4 Be7 12.Bb3 Nc6 13.Rc1 Bd7 14.Qe2 Rc8 15.Rfd1 Nh5
16.Bg3 Nxg3 17.hxg3 Bg5 18.Rb1 Bf6 19.d5 exd5 20.Nxd5 Bf5 21.Bc2 Re8 22.Ne3 Qa5
23.Bxf5 Qxf5 24.Nxf5 Rxe2 25.Kf1 Rc2 26.Ne1 Rxb2 27.Rxb2 Bxb2 28.Rb1 Bf6
29.Rxb7 Nd4 30.Nxd4 Bxd4 31.Rb4 Rd8 32.Ra4 Rd6 33.Nd3 Ba7 34.Ke2 Re6+ 35.Kd2 h5
36.g4 hxg4 37.Rxg4 Rd6 38.Kc3 Re6 39.Kd2  1/2-1/2

[Event "74th Tata Steel GMB"]
[Site "Wijk aan Zee NED"]
[Date "2012.01.15"]
[Round "2"]
[White "Motylev,A"]
[Black "Potkin,V"]
[Result "1/2-1/2"]
[WhiteElo "2677"]
[BlackElo "2684"]

1.e4 c5 2.Nf3 d6 3.d4 cxd4 4.Nxd4 Nf6 5.Nc3 Nc6 6.Bg5 g6 7.Bxf6 exf6 8.Bb5 Bd7
9.Bc4 Bg7 10.Nxc6 Bxc6 11.O-O O-O 12.Qd3 Rc8 13.Bb3 f5 14.exf5 Bxc3 15.bxc3 Qg5
16.f3 Qxf5 17.Qxf5 gxf5 18.Rfe1 Rfe8 19.Kf2 a5 20.a4 Rxe1 21.Kxe1 Kf8 22.Rd1 Ke7
23.c4 Rg8 24.Kf2 Ra8 25.Ke3 Bd7 26.Rd5 b6 27.Rd4 Rg8 28.g3 h6 29.c3 Rg6 30.Rh4 Kf8
31.Kf2 Rf6 32.Rf4 Ke7 33.Bc2 Bc8 34.Rd4 Be6 35.Ke3 Bd7 36.Rf4 Re6+ 37.Kd2 Re5
38.Rh4 Bc6 39.f4 Rc5 40.Bb3 d5 41.cxd5 Bxd5 42.Bc2 b5 43.Rxh6 Be6 44.Rh8 Rd5+
45.Ke3 Rc5 46.axb5 Rxb5 47.Ra8 Rb2 48.Bd3 Rxh2 49.Rxa5 Rg2 50.Kf3 Rd2 51.Be2 Rc2
52.Ra3 Rc1 53.Kf2 Kd6 54.Bd3 Rd1 55.c4 Kc5 56.Be2 Rc1 57.Ke3 Bxc4 58.Bxc4 Rxc4
59.Rd3 Re4+ 60.Kf3 Rd4 61.Re3  1/2-1/2

[Event "74th Tata Steel GMB"]
[Site "Wijk aan Zee NED"]
[Date "2012.01.16"]
[Round "3"]
[White "Bruzon Batista,L"]
[Black "Motylev,A"]
[Result "1/2-1/2"]
[WhiteElo "2691"]
[BlackElo "2677"]

1.d4 d5 2.c4 c6 3.Nc3 Nf6 4.e3 e6 5.Nf3 Nbd7 6.Qc2 Bd6 7.Bd3 O-O 8.O-O dxc4
9.Bxc4 a6 10.Rd1 b5 11.Bd3 Bb7 12.Ng5 Bxh2+ 13.Kxh2 Ng4+ 14.Kg1 Qxg5 15.f3 Ngf6
16.e4 Qh4 17.Be3 e5 18.Ne2 Rad8 19.b4 Rfe8 20.Qc3 Nh5 21.Bc2 Nf4 22.Nxf4 exf4
23.Bf2 Qh6 24.a4 Nf6 25.axb5 cxb5 26.Bb3 Rc8 27.Qd2 Bxe4 28.Rxa6 Bg6 29.Rc1 Rcd8
30.Re1 Qg5 31.Rxe8+ Rxe8 32.Qc1 h6 33.Qc5 Kh7 34.d5 Qf5 35.Ra1 Qd3 36.Ba2 Ra8
37.Qc1 Nxd5 38.Bxd5 Rxa1 39.Qxa1 Qxd5 40.Qd4 Qxd4 41.Bxd4 Bd3 42.Kf2 g5 43.Bc5 Kg6
44.Bd6 Kg7 45.Bc5 f6 46.Bd6 Kf7 47.Bc5 Ke6 48.Bb6 Kd5 49.Bd8 f5 50.Be7 Kc4
51.Bf8 h5 52.Be7 Kc3 53.Bxg5 Kxb4 54.Bxf4 Kb3 55.Kg3 Bf1 56.Kf2 Bc4 57.Kg3 b4
58.Kh4 Bf1 59.g4 hxg4 60.fxg4 fxg4 61.Kxg4 Kc2  1/2-1/2

[Event "74th Tata Steel GMB"]
[Site "Wijk aan Zee NED"]
[Date "2012.01.19"]
[Round "5"]
[White "Lahno,Kateri"]
[Black "Motylev,A"]
[Result "0-1"]
[WhiteElo "2557"]
[BlackElo "2677"]

1.e4 d5 2.exd5 Qxd5 3.Nc3 Qd6 4.d4 Nf6 5.Nb5 Qb6 6.c4 c6 7.Nc3 g6 8.Nf3 Bg7
9.Be2 O-O 10.O-O Na6 11.a3 Bf5 12.Nh4 Be6 13.Be3 Rad8 14.h3 Qc7 15.Rc1 Qc8
16.b4 Nc7 17.Qa4 a6 18.Qa5 h6 19.d5 cxd5 20.cxd5 Bxd5 21.Bf4 Ne6 22.Nxd5 Rxd5
23.Rxc8 Rxc8 24.Qb6 Nxf4 25.Bf3 Rb5 26.Qa7 Kh7 27.Rd1 e6 28.Bxb7 Rc7 29.Qe3 Rcxb7
30.Qxf4 a5 31.bxa5 Rxa5 32.Nf3 Rxa3 33.Qh4 Ra5 34.Kh2 Rb2 35.Rd2 Rxd2 36.Nxd2 Ra2
37.Nf3 Nd5 38.Ng5+ Kg8 39.Ne4 Be5+ 40.g3 Kg7 41.Qd8 Re2 42.Qh4 Nf4 43.gxf4 Rxe4
44.Qd8 Rxf4 45.Kg2 Bd4 46.f3 Bf6 47.Qa5 Rf5 48.Qb4 Rg5+ 49.Kf2 h5 50.Qc4 h4
51.Ke3 Rg2 52.Qf1 Rh2 53.Kf4 Bd4 54.Ke4 Rd2 55.Kf4 Kh6 56.Qb5 f5 57.Qxf5 e5+  0-1

[Event "74th Tata Steel GMB"]
[Site "Wijk aan Zee NED"]
[Date "2012.01.20"]
[Round "6"]
[White "Motylev,A"]
[Black "Nyzhnyk,I"]
[Result "1/2-1/2"]
[WhiteElo "2677"]
[BlackElo "2568"]

1.e4 e6 2.d4 d5 3.Nc3 Nf6 4.e5 Nfd7 5.f4 c5 6.Nf3 Nc6 7.Be3 a6 8.Qd2 Qb6
9.O-O-O Qa5 10.dxc5 Nxc5 11.Kb1 b5 12.Nd4 Nxd4 13.Bxd4 b4 14.Ne2 Bd7 15.f5 exf5
16.Nf4 Ne6 17.Nh5 Qc7 18.Be2 Rc8 19.Bf3 Ba4 20.b3 Nxd4 21.Qxd4 Qxc2+ 22.Ka1 Bxb3
23.axb3 Rc5 24.Qxb4 Rc4 25.Qxc4 dxc4 26.Bc6+ Ke7 27.Nf4 Qc3+ 28.Kb1 Qxb3+
29.Ka1 Qa3+ 30.Kb1 Qb4+ 31.Kc1 Qc3+ 32.Kb1 Qb3+  1/2-1/2

[Event "74th Tata Steel GMB"]
[Site "Wijk aan Zee NED"]
[Date "2012.01.21"]
[Round "7"]
[White "Harika,D"]
[Black "Motylev,A"]
[Result "1/2-1/2"]
[WhiteElo "2516"]
[BlackElo "2677"]

1.c4 g6 2.g3 Bg7 3.Bg2 e5 4.Nc3 Ne7 5.d3 O-O 6.e4 d6 7.Nge2 Nbc6 8.O-O f5
9.Nd5 h6 10.Be3 Kh7 11.Qd2 Bd7 12.Rac1 Rb8 13.b4 Nd4 14.Bxd4 exd4 15.Nxe7 Qxe7
16.Rce1 Qf7 17.exf5 Bxf5 18.Nf4 c6 19.Be4 Rbe8 20.Bxf5 Qxf5 21.Ng2 b5 22.cxb5 Qxb5
23.f4 a5 24.bxa5 c5 25.g4 c4 26.dxc4 Qxc4 27.Rc1 Qe2 28.Qxe2 Rxe2 29.Rf2 Rxf2
30.Kxf2 Ra8 31.Rc6 Rxa5 32.Rxd6 g5 33.fxg5 hxg5 34.h4 Rxa2+ 35.Kf1 Ra1+ 36.Kf2 Ra2+
37.Kf1 Ra1+  1/2-1/2

[Event "74th Tata Steel GMB"]
[Site "Wijk aan Zee NED"]
[Date "2012.01.24"]
[Round "9"]
[White "Cmilyte,V"]
[Black "Motylev,A"]
[Result "1/2-1/2"]
[WhiteElo "2503"]
[BlackElo "2677"]

1.d4 d5 2.c4 c6 3.Nf3 Nf6 4.Nc3 e6 5.Bg5 h6 6.Bxf6 Qxf6 7.e3 g6 8.Bd3 Bg7
9.e4 Qd8 10.O-O O-O 11.cxd5 exd5 12.e5 c5 13.dxc5 Nc6 14.Re1 Bg4 15.Be2 Qa5
16.Qa4 Qxa4 17.Nxa4 Rfe8 18.Rad1 Rad8 19.Nc3 Nxe5 20.Nxe5 Bxe2 21.Rxe2 Bxe5
22.Rxd5 Bxc3 23.bxc3 Rxd5 24.Rxe8+ Kg7 25.g3 Rxc5 26.Re7 Rxc3 27.Rxb7 Ra3
28.Rb2 g5 29.Kg2 h5 30.h4 gxh4  1/2-1/2

[Event "74th Tata Steel GMB"]
[Site "Wijk aan Zee NED"]
[Date "2012.01.25"]
[Round "10"]
[White "Motylev,A"]
[Black "Ernst,S"]
[Result "1-0"]
[WhiteElo "2677"]
[BlackElo "2606"]

1.e4 e5 2.Nf3 Nc6 3.Bb5 a6 4.Ba4 Nf6 5.O-O Nxe4 6.d4 b5 7.Bb3 d5 8.dxe5 Be6
9.Be3 Be7 10.c3 O-O 11.Nbd2 Qd7 12.Re1 Rad8 13.Bc2 f5 14.exf6 Nxf6 15.a4 Ng4
16.axb5 axb5 17.Bd3 Nce5 18.Nxe5 Nxe5 19.Bxh7+ Kxh7 20.Qh5+ Kg8 21.Qxe5 Rf5
22.Qg3 Bd6 23.f4 d4 24.cxd4 Rdf8 25.Nf3 Bxf4 26.Bxf4 Rxf4 27.Ra8 Rxa8 28.Qxf4 Bd5
29.Ng5 Rf8 30.Qe5 Qc6 31.h3 Qc4 32.Kh2 c6 33.Re3 Qf1 34.Qg3 Qb1 35.Re7 Qg6
36.Ne6 Qxg3+ 37.Kxg3 Rf1 38.Rxg7+ Kh8 39.Re7 Rb1 40.Nf4 Bb3 41.h4 Rxb2 42.h5 Kg8
43.h6 Bc2 44.Nh5 Rb1 45.Rg7+ Kf8 46.h7 Bxh7 47.Rxh7 Rh1 48.Kg4  1-0

[Event "74th Tata Steel GMB"]
[Site "Wijk aan Zee NED"]
[Date "2012.01.27"]
[Round "11"]
[White "L'Ami,E"]
[Black "Motylev,A"]
[Result "1/2-1/2"]
[WhiteElo "2596"]
[BlackElo "2677"]

1.d4 d6 2.c4 e5 3.Nf3 e4 4.Ng5 f5 5.Nc3 Be7 6.Nh3 Nf6 7.Bg5 O-O 8.e3 Ng4
9.Bxe7 Qxe7 10.Qd2 c6 11.O-O-O Na6 12.Kb1 Nc7 13.Be2 Rb8 14.Rhe1 b5 15.f3 Nf6
16.Rc1 Kh8 17.Nf4 bxc4 18.Bxc4 Rb4 19.Bf1 a5 20.Rc2 Bd7 21.Ka1 Rfb8 22.h3 g5
23.Nfe2 Be6 24.fxe4 fxe4 25.g4 Bg8 26.Ng3 Qe6 27.Rec1 Nb5 28.Bxb5 R4xb5 29.d5 cxd5
30.Nf5 Rc5 31.Nd4 Qe8 32.Qh2 Qe5  1/2-1/2

[Event "74th Tata Steel GMB"]
[Site "Wijk aan Zee NED"]
[Date "2012.01.28"]
[Round "12"]
[White "Motylev,A"]
[Black "Harikrishna,P"]
[Result "1/2-1/2"]
[WhiteElo "2677"]
[BlackElo "2665"]

1.e4 e5 2.Nf3 Nc6 3.Bb5 Nf6 4.O-O Nxe4 5.d4 Nd6 6.Bxc6 dxc6 7.dxe5 Nf5 8.Qxd8+ Kxd8
9.Nc3 Bd7 10.h3 b6 11.a4 a5 12.g4 Ne7 13.Ng5 Ke8 14.f4 h6 15.Nf3 Nd5 16.Ne4 Nb4
17.c4 c5 18.Nc3 Bc6 19.Nb5 Kd8 20.f5 Kc8 21.Bf4 Nd3 22.Bh2 Nxb2 23.e6 Nxc4
24.Nxc7 Ra7 25.Nb5 Bxb5 26.axb5 fxe6 27.fxe6 Bd6 28.Bxd6 Nxd6 29.Rad1 Nxb5
30.Rb1 Nc7 31.Rxb6 Re8 32.Re1 a4 33.Rc6 Ra5 34.Nd2 Ra6 35.Rxc5 Raxe6 36.Rec1 Re1+
37.Rxe1 Rxe1+ 38.Kf2 Ra1 39.Nc4 a3 40.Ra5 a2 41.Ne3 Nb5 42.Nc2 Rc1 43.Ra8+ Kc7
44.Rxa2 Nc3 45.Ra7+ Kb6 46.Rxg7 Rxc2+ 47.Kf3 Nd5 48.Rg6+ Rc6 49.Rxc6+ Kxc6
50.g5 hxg5 51.Kg4 Nf4 52.Kxg5  1/2-1/2

[Event "74th Tata Steel GMB"]
[Site "Wijk aan Zee NED"]
[Date "2012.01.29"]
[Round "13"]
[White "Timman,J"]
[Black "Motylev,A"]
[Result "1/2-1/2"]
[WhiteElo "2571"]
[BlackElo "2677"]

1.c4 e5 2.g3 Nf6 3.Bg2 d5 4.cxd5 Nxd5 5.Nc3 Nb6 6.Nf3 Nc6 7.d3 Be7 8.O-O O-O
9.a3 Be6 10.b4 Nd4 11.Bb2 Nxf3+ 12.Bxf3 c6 13.Ne4 Nd7 14.Qc2 f5 15.Nd2 Bd6
16.Bg2 Rc8 17.Nc4 Bb8 18.Na5 Rc7 19.Nc4 Rc8 20.Na5 Rc7 21.Nc4 Qf6 22.f4 Rcc8
23.e3 Qh6 24.fxe5 Nxe5 25.Nxe5 Bxe5 26.Bxe5 Qxe3+ 27.Qf2 Qxe5 28.Rfe1 Qf6
29.Qxa7 Rcd8 30.Qxb7 Qd4+ 31.Kh1 Bd5 32.Qe7 Bxg2+ 33.Kxg2 f4 34.gxf4 Rxf4
35.Qe6+ Kh8 36.Qe8+ Rf8 37.Qe3 Qd5+ 38.Qe4 Qh5  1/2-1/2

[Event "Schachbundesliga 2011-12"]
[Site "Emsdetten GER"]
[Date "2012.02.04"]
[Round "8"]
[White "Mchedlishvili,M"]
[Black "Motylev,A"]
[Result "1/2-1/2"]
[WhiteElo "2623"]
[BlackElo "2690"]

1.d4 d5 2.Nf3 Nf6 3.c4 c6 4.e3 Bf5 5.Nc3 e6 6.Nh4 Bg6 7.Qb3 Qc7 8.Nxg6 hxg6
9.g3 Nbd7 10.Bd2 Be7 11.Bg2 Nb6 12.cxd5 exd5 13.Rd1 O-O 14.O-O Rfe8 15.Bc1 Bf8
16.Qc2 Rad8 17.Ne2 Qc8 18.b3 g5 19.h3 g4 20.hxg4 Nxg4 21.Bf3 Nh6 22.Kg2 Qf5
23.Qxf5 Nxf5 24.Rh1 g6 25.Nf4 Nd7 26.Bg4 Nd6 27.Be2 Ne4 28.Bb2 Bg7 29.Bd3 Ndf6
30.Be2 Nd7 31.Bd3 Ndf6  1/2-1/2

[Event "TCh-CHN 2012"]
[Site "Beijing CHN"]
[Date "2012.04.28"]
[Round "1"]
[White "Motylev,A"]
[Black "Wan Yunguo"]
[Result "1-0"]
[WhiteElo "2683"]
[BlackElo "2441"]

1.e4 e6 2.d4 d5 3.Nc3 Bb4 4.e5 c5 5.a3 Bxc3+ 6.bxc3 Ne7 7.Qg4 O-O 8.Bd3 Nbc6
9.Qh5 Ng6 10.Nf3 Qc7 11.Be3 c4 12.Bxg6 fxg6 13.Qg4 Qf7 14.Ng5 Qe8 15.h4 h6
16.Nh3 Bd7 17.a4 Rb8 18.Bc1 b5 19.axb5 Rxb5 20.Ba3 Rf5 21.Kd2 Kh7 22.Qe2 Qd8
23.g4 Rf7 24.Qe3 Rb7 25.Ng5+ hxg5 26.hxg5+ Kg8 27.Rh2 Nxd4 28.Rah1 Nf3+ 29.Qxf3  1-0

[Event "TCh-CHN 2012"]
[Site "Beijing CHN"]
[Date "2012.04.30"]
[Round "3"]
[White "Motylev,A"]
[Black "Wang Li"]
[Result "1-0"]
[WhiteElo "2683"]
[BlackElo "2400"]

1.e4 e6 2.d4 d5 3.Nc3 Nf6 4.e5 Nfd7 5.f4 c5 6.Nf3 Nc6 7.Be3 Be7 8.Qd2 O-O
9.dxc5 Nxc5 10.O-O-O b6 11.Bb5 Bb7 12.Bxc6 Bxc6 13.Nd4 Qc7 14.f5 Rfd8 15.f6 gxf6
16.exf6 Bxf6 17.Rhf1 Be7 18.Bf4 Qb7 19.Qe2 Rf8 20.Bh6 Kh8 21.Nxc6 Qxc6 22.Qg4 Rg8
23.Qd4+ f6 24.Rxf6 e5 25.Rxc6 exd4 26.Nxd5 Bf8 27.Nf4 Bxh6 28.Rxh6 Rad8 29.g3 Rge8
30.Rc6 Rd7 31.b4 Na4 32.Rc4 Rde7 33.Rcxd4 Nc3 34.R1d3 Re1+ 35.Kb2 Na4+ 36.Ka3 b5
37.c4 a6 38.cxb5 axb5 39.Rd5 Ra8 40.Rd8+ Rxd8 41.Rxd8+ Kg7 42.Rd5 Re3+ 43.Rd3 Re1
44.Nd5 Rc1 45.Re3 Rc2 46.Re7+ Kh6 47.Rb7 Rxh2 48.Rxb5 Nb2 49.Kb3 Nd3 50.a4 Nc1+
51.Kc3 Ne2+ 52.Kc4 Nxg3 53.a5 Ra2 54.Kb3 Ra1 55.Kb2  1-0

[Event "TCh-CHN 2012"]
[Site "Beijing CHN"]
[Date "2012.05.01"]
[Round "4"]
[White "Motylev,A"]
[Black "Ma Qun"]
[Result "0-1"]
[WhiteElo "2683"]
[BlackElo "2481"]

1.e4 e5 2.Nc3 Nc6 3.f4 exf4 4.Nf3 g5 5.h4 g4 6.Ng1 d6 7.d4 Bh6 8.Nge2 f3
9.Nf4 Nf6 10.Qd3 Bd7 11.a3 Rg8 12.Ne6 fxe6 13.Bxh6 e5 14.d5 Nd4 15.O-O-O Nh5
16.Bg5 Rxg5 17.hxg5 Qxg5+ 18.Qd2 Qg6 19.gxf3 g3 20.Bg2 Nf4 21.Kb1 O-O-O 22.Rh4 Rf8
23.Rdh1 h5 24.b3 b6 25.Kb2 Nxg2 26.Qxg2 Rxf3 27.Nd1 Bg4 28.Re1 Qg5 29.Rhh1 h4
30.Ref1 Kb7 31.Rhg1 h3  0-1

[Event "TCh-CHN 2012"]
[Site "Tianjin CHN"]
[Date "2012.07.13"]
[Round "9"]
[White "Zhou Weiqi"]
[Black "Motylev,A"]
[Result "1-0"]
[WhiteElo "2628"]
[BlackElo "2683"]

1.d4 d5 2.c4 c6 3.Nf3 Nf6 4.Nc3 dxc4 5.a4 e6 6.e3 c5 7.Bxc4 Nc6 8.O-O Be7
9.Qe2 cxd4 10.exd4 O-O 11.Rd1 Nb4 12.Bg5 h6 13.Bxf6 Bxf6 14.Ne5 Qa5 15.d5 Kh8
16.Ra3 Bxe5 17.Qxe5 Qc5 18.Qe2 exd5 19.Nxd5 Be6 20.Rc3 Bc8 21.Ra3 Be6 22.Rc3 Rad8
23.h3 Nxd5 24.Bxd5 Qb6 25.Bxe6 Rxd1+ 26.Qxd1 Qxe6 27.Qd4 a6 28.Rc7 b5 29.axb5 axb5
30.Rb7 Qc4 31.Qe5 Qc1+ 32.Kh2 Qd2 33.Qc5 Re8 34.Rxb5 Qf4+ 35.g3 Qf3 36.Qc2 g6
37.Qc3+ Qxc3 38.bxc3 Re2 39.Kg2 Rc2 40.Rc5 h5 41.g4 Kg7 42.Kf3 Kf6 43.gxh5 gxh5
44.h4 Kg6 45.Ke3 f6 46.f3 Rc1 47.Rc4 Kf5 48.Rf4+ Ke5 49.Re4+ Kf5 50.Rc4 Kg6
51.Ke4 Re1+ 52.Kf4 Rh1 53.Ke3 Rc1 54.Kd2 Rf1 55.Rf4 f5 56.c4 Kf6 57.c5 Rf2+
58.Kd1 Rf1+ 59.Kd2 Rf2+ 60.Kd3 Ke5 61.c6 Kxf4 62.c7 Rxf3+ 63.Kc2 Rf2+ 64.Kb3 Rf3+
65.Kb4 Kg4 66.c8=Q Kxh4 67.Kc4 f4 68.Kd4 Re3 69.Qf5 Kg3 70.Qg5+ Kf3 71.Qxh5+ Kg3
72.Qg5+ Kf3 73.Qg1 Re8 74.Qh2 Re2 75.Qh3+ Kf2 76.Qh4+ Kf3 77.Kd3 Re3+ 78.Kd2 Re2+
79.Kd1 Re3 80.Qh3+ Kf2 81.Qh2+ Kf3 82.Qg1 Re5 83.Qh2 Re3 84.Kd2 Kg4 85.Qg1+ Kh4
86.Qg6 Kh3 87.Qg5 Rf3 88.Ke2 Rg3 89.Qf5+  1-0

[Event "TCh-CHN 2012"]
[Site "Tianjin CHN"]
[Date "2012.07.14"]
[Round "10"]
[White "Motylev,A"]
[Black "Zhao Jun"]
[Result "1/2-1/2"]
[WhiteElo "2683"]
[BlackElo "2583"]

1.e4 e5 2.Nf3 Nc6 3.Bb5 Nf6 4.O-O Nxe4 5.d4 Nd6 6.Bxc6 dxc6 7.dxe5 Nf5 8.Qxd8+ Kxd8
9.h3 Ke8 10.Nc3 h5 11.Bg5 Be7 12.Rfd1 Be6 13.g3 f6 14.Bf4 Rc8 15.Re1 Kf7
16.Rad1 Bb4 17.Bd2 Bxc3 18.Bxc3 Rhd8 19.Rxd8 Rxd8 20.g4 hxg4 21.hxg4 Bd5
22.Ng5+ Kg6 23.Ne6 Bxe6 24.exf6 Nd4 25.Bxd4 Rxd4 26.Rxe6 Rxg4+ 27.Kf1 gxf6
28.Re7 Rh4 29.Rxc7 Rh7 30.Rc8 Re7  1/2-1/2